Musician by Picture: A-Z - Statistics

General Stats
  • This quiz has been taken 192 times
  • The average score is 20 of 26
Answer Stats
Picture Hint Answer % Correct
E Elton John
99%
M Michael Jackson
98%
R Rihanna
96%
A Adele
95%
B Bob Marley
95%
T Taylor Swift
95%
F Freddie Mercury
94%
H Harry Styles
93%
J John Lennon
93%
S Snoop Dogg
92%
L Lady Gaga
89%
N Nicki Minaj
88%
W Whitney Houston
88%
D Dua Lipa
86%
G George Michael
86%
K Kurt Cobain
84%
P Paul McCartney
83%
U Usher
79%
I Ice Cube
73%
O Olivia Newton-John
68%
Z Zayn
65%
X XXXTentacion
58%
C Coolio
52%
Q Quincy Jones
43%
Y Yung Gravy
19%
V Vance Joy
17%
No matching quizzes found
Score Distribution
Percent of People with Each Score
Percentile by Number Answered
Your Score History
You have not taken this quiz